000 00300nam a22001337a 4500
008 170315b xxu||||| |||| 00| 0 eng d
020 _a0121792528
041 _aeng
080 _23RD
_a591
100 _a7
101 _aSHM
245 _aREPRODUCTION IN DOMESTIC ANIMALS
_cCOLE, H.H
942 _2udc
_cBK
999 _c7796
_d7796